000 01183nam0a22002891 4500
001 rc\4648295
005 20130416202030.3
021 _aRU
_b[62-14204]
035 _a(NLR Aleph) 008689876
090 _a9231960
_c9231960
100 _a20130416d1962 |||y0rusy50 ca
101 0 _arus
102 _aRU
105 _aa z |||||
200 1 _aКвантовая механика
_fПод общ. ред. [и с предисл.] проф. А.А. Соколова
210 _aМосква
_cУчпедгиз
_d1962
215 _a591 с., 1 л. табл.
_cчерт.
_d22
300 _aПеред загл. авт.: А.А. Соколов, Ю.М. Лоскутов и И.М. Тернов
606 _aКвантовая механика
_2psbo
700 1 _aСоколов
_bА. А.
_cд-р физ.-мат. наук, квантовая физика
_f1910-1986
_gАрсений Александрович
_3RU\NLR\AUTH\770166673
701 1 _aЛоскутов
_bЮ. М.
_gЮрий Михайлович
701 1 _aТернов
_bИ. М.
_gИгорь Михайлович
801 0 _aRU
_bNLR
_gpsbo
801 1 _aRU
_bELAR
_2rusmarc
852 _aNLR
_j62-5/1400
942 _cBOOK
980 _aNB